000 00365nam a2200157Ia 4500
008 210210b1914 xxu||||| |||| 00| 0 eng d
041 _aeng
082 _a822/825
100 _aMARDEN (O S)
245 _aOptimistic life
260 _aMadras
_bV Kalianarama Aiyar
_c1914
650 _aOptimistic
650 _alife
690 _aEnglish Prose
906 _a013009
999 _c131843
_d131843